Normal view
MARC view
- Sherwani, Haroon Khan
Entry Personal Name
001 - CONTROL NUMBER
- control field: 88801
003 - CONTROL NUMBER IDENTIFIER
- control field: NUST
005 - DATE AND TIME OF LATEST TRANSACTION
- control field: 20220205143207.0
008 - FIXED-LENGTH DATA ELEMENTS
- fixed length control field: 220205|| aca||aabn | a|a d
040 ## - CATALOGING SOURCE
- Original cataloging agency: NUST
- Transcribing agency: NUST
100 ## - HEADING--PERSONAL NAME
- Personal name: Sherwani, Haroon Khan
670 ## - SOURCE DATA FOUND
- Source citation: Work cat.: (NUST)232962: Sherwani, Haroon Khan., Studies in muslim political thought and administration /, 2007.
